000
00319nam a22001337a 4500
008
181029b xxu||||| |||| 00| 0 eng d
020
_a
9780966190892
041
_a
eng
080
_a
101
100
_a
34
101
_a
FIL
245
_a
Moral Foundations An Introduction To Ethics
_c
Skutch.A.F
942
_2
udc
_c
BK
999
_c
50944
_d
50944